Star Wars Characters without the force - Statistics

General Stats
  • This quiz has been taken 50 times
  • The average score is 10 of 12
Answer Stats
Picture Answer % Correct
Princess Leia
100%
Boba Fett
96%
General Grievous
96%
Jabba Hutt
96%
Moff Tarkin
96%
Cad Bane
89%
Captain Rex
89%
Chopper
78%
99
73%
Fives
73%
Hera Syndulla
64%
Bo Katan
62%
No matching quizzes found
Score Distribution
Percent of People with Each Score
Percentile by Number Answered
Your Score History
You have not taken this quiz